Tuyển tập Tô Hoài
v.v...
Đã lưu trong:
| Tác giả chính: | |
|---|---|
| Định dạng: | Sách |
| Năm xuất bản: |
H.
Văn học
1996
|
| Chủ đề: | |
| Tags: |
Thêm thẻ
Không có thẻ, Hãy là người đầu tiên gắn thẻ bản ghi này!
|
| LEADER | 01338nam a2200229 4500 | ||
|---|---|---|---|
| 082 | |a 895.922334 |b T450H | ||
| 100 | |a Tô Hoài | ||
| 245 | |a Tuyển tập Tô Hoài |c Tô Hoài; Hà Minh Đức sưu tầm, tuyển chọn, giới thiệu | ||
| 260 | |a H. |b Văn học |c 1996 | ||
| 300 | |a 464 tr. |c 19 cm | ||
| 520 | |a v.v... | ||
| 653 | |a Văn học hiện đại | ||
| 653 | |a Thế kỷ 20 | ||
| 653 | |a Việt Nam | ||
| 653 | |a Truyện ngắn | ||
| 653 | |a Truyện dài | ||
| 942 | |2 ddc |c STK0 | ||
| 999 | |c 6633 |d 6633 | ||
| 952 | |0 0 |1 0 |2 ddc |4 0 |6 895_922803000000000_T450H |7 0 |8 800 |9 62130 |a qbu |b qbu |c D5 |d 2015-01-21 |g 34000 |l 2 |m 1 |o 895.922803 T450H |p 5497.c1 |r 2015-11-12 |s 2015-04-21 |w 2015-01-21 |y STK0 |0 0 |6 895_922803000000000_T450H | ||
| 952 | |0 0 |1 0 |2 ddc |4 0 |6 895_922803000000000_T450H |7 0 |8 800 |9 62131 |a qbu |b qbu |c D5 |d 2015-01-21 |g 34000 |l 8 |m 4 |o 895.922803 T450H |p 5497.c2 |r 2015-11-17 |s 2015-11-11 |w 2015-01-21 |y STK0 |0 0 |6 895_922803000000000_T450H | ||
| 952 | |0 0 |1 0 |2 ddc |4 0 |6 895_922803000000000_T450H |7 0 |8 800 |9 92385 |a qbu |b qbu |c D5 |d 2015-08-31 |g 34000 |l 7 |m 1 |o 895.922803 T450H |p 5497.c3 |r 2017-05-29 |s 2017-05-16 |w 2015-08-31 |y STK0 |0 0 |6 895_922803000000000_T450H | ||
| 952 | |0 0 |1 0 |2 ddc |4 0 |6 895_922803000000000_T450H |7 0 |8 800 |9 92483 |a qbu |b qbu |c D5 |d 2015-09-03 |g 34000 |l 7 |m 2 |o 895.922803 T450H |p 5497.c4 |r 2017-04-26 |s 2017-04-17 |w 2015-09-03 |y STK0 |0 0 |6 895_922803000000000_T450H | ||